An evaluation of DDT and Dieldrin in lake Michigan
Αποθηκεύτηκε σε:
| Συλλογικό Έργο: | , |
|---|---|
| Μορφή: | Βιβλίο |
| Γλώσσα: | English |
| Δημοσίευση: |
Washigton :
Office of Research and Monitoring U.S. Environmental Protection Agency,
1972
|
| Θέματα: | |
| Ετικέτες: |
Προσθήκη ετικέτας
Δεν υπάρχουν, Καταχωρήστε ετικέτα πρώτοι!
|
MARC
| LEADER | 00000cam a2200000 i 4500 | ||
|---|---|---|---|
| 001 | 1/105725 | ||
| 008 | 950623s1972 eng d | ||
| 035 | |l 10013781 | ||
| 040 | |a GR-MY-UA |b gre |e aacr | ||
| 041 | 0 | |a eng | |
| 082 | 0 | |a 628.16842 | |
| 245 | 0 | 3 | |a An evaluation of DDT and Dieldrin in lake Michigan / |c Lake Michigan interstate pesticides committee of the lake Michigan enforcement conference |
| 260 | |a Washigton : |b Office of Research and Monitoring U.S. Environmental Protection Agency, |c 1972 | ||
| 300 | |a 139 p. |b Tables | ||
| 650 | 0 | 0 | |a DDT (Incecticide) |x Environmental aspects |z Michigan, Lake. |
| 650 | 0 | 0 | |a Dieldrin |x Environmental aspects |z Michigan, Lake. |
| 650 | 0 | 0 | |a Pesticides |x Toxicology. |
| 650 | 0 | 0 | |a Water |x Pollution |z Lake Michigan. |
| 710 | 2 | |a Lake Michigan Interstate Pesticides Committee. | |
| 710 | 1 | |a United States. |b Environmental Protection Agency. | |
| 852 | |a INST |b LESVOS |e 19950623 |h 628.16842 LAK |p 005100008498 |q 005100008498 |t BK |y 0 | ||
| 970 | |z 2000/06/ΟΙΚΟΝΟΜΟΠΟΥΛΟΥ ΧΡΙΣΤΙΝΑ | ||